| 000 | 01195cam a2200289Ia 4500 | ||
|---|---|---|---|
| 008 | |||
| 020 | _a0852988370 | ||
| 020 | _a0852988389 (set) | ||
| 090 | _aTL242 FIS | ||
| 110 | 2 |
_aInternational Federation of Automobile Engineers' and Technicians' Association. _bInternational Congress _n(24th : _d1992 : _cLondon, England) |
|
| 245 | 1 | 0 |
_aSafety, the vehicle and the road : _btechnical papers : XXIV FISITA Congress, 7-11 June 1992, London : automotive technology serving society. |
| 260 |
_aLondon : _bpublished by Mechanical Publications Ltd. for the Institution of Mechanical Engineers, _cc1992. |
||
| 300 |
_a2 v. : _bill. ; _c30 cm. |
||
| 500 | _a"FISITA 92"--Cover. | ||
| 504 | _aIncludes bibliographical references. | ||
| 650 | 0 |
_aAutomobiles _xSafety measures _xCongresses. |
|
| 650 | 0 |
_aRoads _xSafety measures _xCongresses. |
|
| 650 | 0 |
_aAutomobiles _xDesign and construction _xCongresses. |
|
| 710 | 2 | 0 | _aInstitution of Mechanical Engineers (Great Britain) |
| 740 | 0 | 1 | _aFISITA 92. |
| 907 |
_a.b10234354 _b22-02-07 _c22-02-07 |
||
| 003 | |||
| 005 | 20230123134409.0 | ||
| 040 | _cNUST | ||
| 049 | _aMAIN | ||
| 942 |
_cBOOKS _kTL242 FIS |
||
| 999 |
_c165195 _d165195 |
||